000 01119nam a22002897i 4500
003 EG-ScBUE
005 20221117043042.0
008 220731s1990 ua f b 000 0 ara d
017 _a90 / 5756
040 _aEG-ScBUE
_bara
_erda
_cEG-ScBUE
_dEG-ScBUE
082 0 4 _222
_a‪297.63
_bد ر و
100 1 _a‪درويش، عبد الحميد،
_d1949-
_eمؤلف.
245 1 0 _aإثبات الرسالة وصفات الرسل :
_bدراسة في النبوات /
_cتأليف دكتور عبد الحميد درويش.
250 _aالطبعة الأولى.
264 1 _aالقاهرة :
_bدار التوفيق النموذجية للطباعة،
_c1990.
300 _a160 صفحة ؛
_c24 سم.
336 _2rdacontent
_aنص
_btxt
337 _2rdamedia
_aبدون وسيط
_bn
338 _2rdacarrier
_aمجلد
_bnc
490 0 _aدراسات في العقيدة
504 _aيشتمل على إرجاعات ببليوجرافية.
650 7 _a‪النبوات.
_2BUEsh
650 7 _a‪السيرة النبوية.
_2BUEsh
653 _bGGEN
_cNovember2022
655 _vReading book
942 _2ddc
999 _c29977
_d29948